000 00884cam a2200313 i 4500
001 768714001
003 CO-MdFUSB
005 20240604102527.0
007 ta
008 240601t1990 -us||||| |||| 00| 0 spa d
020 _a0-8297-0832-4
040 _cCO-MdFUSB
041 0 _aspa
_heng
082 0 4 _224
_a234
_bS4389p
100 1 _aSeamands, David A.
_eautor
240 _aHealing grace
245 1 0 _aEl poder liberador de la gracia
_c/ David A. Seamands ; traducido por Jorge Arbeláez Giraldo
260 _aVida
264 1 _aDeerfield, FL. :
_bVida,
_c[1990]
264 4 _c© 1990
300 _a239 páginas
336 _atexto
_btxt
_2rdacontent
337 _2rdamedia
_asin mediación
_bn
338 _2rdacarrier
_avolumen
_bnc
653 _aSoteriología
700 _aArbeláez Giraldo, Jorge.
_94741
_etraductor
942 _cBK
945 _aestudiante
999 _c42846
_d42846